| 000 | 00782nam a2200169 a 4500 | ||
|---|---|---|---|
| 001 | 000033479 | ||
| 005 | 20250131205119.0 | ||
| 008 | 110830s1946 dr 000 0 spa d | ||
| 040 |
_aDO-SdBNP _bspa _cBNPHU |
||
| 100 | 1 |
_aÁlvarez Pedroso, Armando _959007 |
|
| 245 | 1 | 0 |
_aNueva revisión de algunos de los que fueronproblemas colombinos : _bconferencia pronunciada en el Paraninfo de la Universidad de Santo Domingo el día 17 de abril de 1946 / _cArmando Álvarez Pedroso. |
| 260 |
_aCiudad Trujillo : _bUniversidad de Santo Domingo, _bPol Hermanos, _c1946. |
||
| 300 |
_a27 p. ; _c23 cm. |
||
| 490 | 1 |
_aPublicaciones de la Universidad de Santo Domingo ; _v40 |
|
| 710 | 2 |
_aUniversidad de Santo Domingo _eed. _937767 |
|
| 830 | 0 |
_aPublicaciones de la Universidad de Santo Domingo _v40 _9818 |
|
| 999 |
_c32970 _d32970 |
||